000 00920nam a22002537a 4500
005 20170123162343.0
010 _aA-842723
020 _c100.00
035 _aA-842723
037 _bCen Lib/Ret
040 _aDPL
_bUR
082 _a921
_bا ب و
245 _aملانا آزاد کا قیام راپخی :
_cمرتبہ جمشید قمر
_bاحوال و اثرار /
246 _aMualana Azad ka qayaam ranchi : ahwal-o-asar /
_bedited by Jamshaid Qamar
260 _aرانچی
_bمولانا آزاد انسٹیٹیوٹ سرکل
_c1993
270 _bرانچی
_e834001
300 _a215p.
_c21cm(Hb)
650 _aادب -- اردو
_9129553
650 _a سوانح حیات - مولانا آزاد
_9129554
650 _aLiterature -- Urdu
_9129555
650 _aBiography -- Maulana Azad
_9129556
700 _aقمر، جمشید
_9129557
942 _2ddc
_cUR
_h921
_mا ب و
999 _c108679
_d108679